<?xml version="1.0" encoding="UTF-8"?>
<collection xmlns="http://www.loc.gov/MARC21/slim">
 <record>
  <leader>07322nam a2200361 a 4500</leader>
  <controlfield tag="001">kal5699</controlfield>
  <controlfield tag="003">Gr-AtHEAL</controlfield>
  <controlfield tag="005">20160425102500.0</controlfield>
  <controlfield tag="006">m        d        </controlfield>
  <controlfield tag="008">160413s2015    gr      s           gre|c</controlfield>
  <datafield tag="020" ind1=" " ind2=" ">
   <subfield code="a">9789606033018</subfield>
  </datafield>
  <datafield tag="040" ind1=" " ind2=" ">
   <subfield code="a">GR-AtHEAL</subfield>
   <subfield code="b">gre</subfield>
   <subfield code="c">GR-AtHEAL</subfield>
  </datafield>
  <datafield tag="082" ind1="0" ind2="4">
   <subfield code="a">658.403</subfield>
   <subfield code="2">23</subfield>
  </datafield>
  <datafield tag="100" ind1="1" ind2=" ">
   <subfield code="a">Κουνέτας, Κωνσταντίνος.</subfield>
   <subfield code="8">1397</subfield>
  </datafield>
  <datafield tag="245" ind1="1" ind2="0">
   <subfield code="a">Εισαγωγή στην επιχειρησιακή έρευνα και στον γραμμικό προγραμματισμό.λύσεις προβλημάτων με το πρόγραμμα R</subfield>
   <subfield code="h">[Ηλεκτρονικός πόρος] </subfield>
   <subfield code="c">Κουνέτας, Κωνσταντίνος ; Χατζησταμούλου, Νικόλαος ; Κριτικός αναγνώστης, Μούρτος, Ιωάννης.</subfield>
  </datafield>
  <datafield tag="260" ind1=" " ind2=" ">
   <subfield code="a">Αθήνα :</subfield>
   <subfield code="b">Σύνδεσμος Ελληνικών Ακαδημαϊκών Βιβλιοθηκών,</subfield>
   <subfield code="c">c2015.</subfield>
  </datafield>
  <datafield tag="490" ind1=" " ind2=" ">
   <subfield code="a">Ακαδημαϊκά Ηλεκτρονικά Συγγράμματα και Βοηθήματα Κάλλιπος</subfield>
   <subfield code="8">40</subfield>
  </datafield>
  <datafield tag="505" ind1=" " ind2=" ">
   <subfield code="a">1. Εισαγωγή στην Επιχειρησιακή Έρευνα 2. Γραφική Επίλυση Προβλημάτων Γραμμικού Προγραμματισμού και Ανάλυση Ευαισθησίας 3. Η Μέθοδος Simplex 4. Επίλυση Προβλημάτων Γραμμικού Προγραμματισμού χρησιμοποιώντας το λογισμικό R ( Μέθοδος Simplex και Μέθοδος M) 5. Η Δυϊκή Θεωρία. Εφαρμογές του δυϊσμού στην Οικονομική Επιστήμη με την χρήση του λογισμικού R 6. Ανάλυση ευαισθησίας των παραμέτρων του μαθηματικού υποδείγματος. Εφαρμογές χρησιμοποιώντας το R 7. Το Πρόβλημα της μεταφοράς και οι μέθοδοι επίλυσης του. Εφαρμογές χρησιμοποιώντας το R 8. Εισαγωγή στον Ακέραιο Προγραμματισμό. Εφαρμογές χρησιμοποιώντας το R 9. Εισαγωγή στην μη-παραμετρική Ανάλυση Αποτελεσματικότητας: η προσέγγιση της Ανάλυσης Περιβάλλουσας Δεδομένων (Data Envelopment Analysis, DEA). Εκτίμηση αποτελεσματικότητας με την χρήση πραγματικών δεδομένων χρησιμοποιώντας το R</subfield>
  </datafield>
  <datafield tag="520" ind1=" " ind2=" ">
   <subfield code="a">Ο μεγάλος ανταγωνισμός που υπάρχει στον ευρωπαϊκό και διεθνή χώρο, οι ταχύρρυθμες μεταβολές στα διάφορα περιβάλλοντα των οικονομικών μονάδων (οικονομικό, τεχνολογικό, χρηματοπιστωτικό, νομοθετικό κ.α.) και η δυσκολία των προβλημάτων που αντιμετωπίζουν σήμερα οι επιχειρήσεις, καθιστούν αναγκαία την προσπάθεια να αποφύγουν την σπατάλη και επιβάλουν την άμεση χρήση και ανάπτυξη όλων των σχετικών με την λήψη βέλτιστων επιχειρηματικών αποφάσεων. Η επιχειρησιακή έρευνα και δη ο γραμμικός προγραμματισμός αποτελεί ένα κλάδο της επιστήμης με αντικείμενο την λήψη αποφάσεων μέσω της εύρεσης βέτιστων λύσεων. Ωστόσο η εμφάνιση και χρησιμοποίηση των ηλεκτρονικών υπολογιστών έδωσε μια τεράστια ώθηση στην επιστήμη της επιχειρησιακής έρευνας καθώς σήμερα επιχειρήσεις, οργανισμοί και κρατικής υπηρεσίες ανεξαρτήτου μεγέθους χρησιμοποιούν την επιχειρησιακή έρευνα ως εργαλείο στην λήψη διαφόρων αποφάσεων. Στο πλαίσιο του παρόντος συγγράμματος πραγματοποιούνται παρουσιάσεις που καλύπτουν βασικές γνώσεις σε επιλεγμένα κεφάλαια της Επιχειρησιακής Έρευνας. Η προσέγγιση που ακολουθείται δίνει έμφαση στην παρουσίαση εφαρμογών σε διαφορετικούς τομείς λειτουργίας μίας επιχείρησης και επικεντρώνεται στον τρόπο με τον οποίο η Επιχειρησιακή Έρευνα μπορεί να υποστηρίξει τη λήψη σημαντικών Διοικητικών αποφάσεων.Παράλληλα δίνεται η ευκαιρία στους συμμετέχοντες στο να αξιοποιήσουν προγράμματα μηδενικού κόστους (π.χ Graph, R με τις απαραίτητες βιβλιοθήκες) επιλύοντας πραγματικά προβλήματα, στο να χρησιμοποιήσουν πραγματικά δεδομένα και να συσχετίσουν τις οικονομικού τύπου εφαρμογές με την θεωρία. Μάλιστα θεωρούμε ότι το συγκεκριμένο αποτελεί και το συγκριτικό πλεονέκτημα του παρόντος και εν δυνάμει συγγράμματος σε σχέση με ότι έχει ήδη υπάρξει στην ελληνική βιβλιογραφία.Συνεπώς κύριος στόχος του μαθήματος είναι η δυνατότητα χρησιμοποίησης μεθόδων γραμμικού προγραμματισμού στην αντιμετώπιση οικονομικών προβλημάτων (βελτιστοποίησης οικονομικών συναρτήσεων) με την χρήση προγραμμάτων ελεύθερου κώδικα.</subfield>
  </datafield>
  <datafield tag="650" ind1=" " ind2="0">
   <subfield code="a">Operations research</subfield>
   <subfield code="8">2392</subfield>
  </datafield>
  <datafield tag="650" ind1=" " ind2="0">
   <subfield code="a">Linear programming</subfield>
   <subfield code="8">2393</subfield>
  </datafield>
  <datafield tag="653" ind1=" " ind2=" ">
   <subfield code="a">Πρόγραμμα R</subfield>
  </datafield>
  <datafield tag="653" ind1=" " ind2=" ">
   <subfield code="a">Γραμμικός προγραμματισμός</subfield>
  </datafield>
  <datafield tag="653" ind1=" " ind2=" ">
   <subfield code="a">Επιχειρησιακή έρευνα</subfield>
  </datafield>
  <datafield tag="653" ind1=" " ind2=" ">
   <subfield code="a">Μαθηματική μοντελοποίηση</subfield>
  </datafield>
  <datafield tag="653" ind1=" " ind2=" ">
   <subfield code="a">Οικονομικές επιστήμες</subfield>
   <subfield code="a">Μαθηματικές και ποσοτικές μέθοδοι</subfield>
  </datafield>
  <datafield tag="700" ind1="1" ind2=" ">
   <subfield code="a">Χατζησταμούλου, Νικόλαος</subfield>
   <subfield code="e">Συγγραφέας</subfield>
   <subfield code="8">1398</subfield>
  </datafield>
  <datafield tag="700" ind1="1" ind2=" ">
   <subfield code="a">Μούρτος, Ιωάννης</subfield>
   <subfield code="e">Κριτικός αναγνώστης</subfield>
   <subfield code="8">1399</subfield>
  </datafield>
  <datafield tag="856" ind1="4" ind2="0">
   <subfield code="u">http://hdl.handle.net/11419/5699</subfield>
   <subfield code="z">Πλήρες Κείμενο - Full text</subfield>
  </datafield>
  <datafield tag="907" ind1=" " ind2=" ">
   <subfield code="a">.b25681370</subfield>
   <subfield code="b">12-06-18</subfield>
   <subfield code="c">29-07-16</subfield>
  </datafield>
  <datafield tag="949" ind1=" " ind2=" ">
   <subfield code="0">0</subfield>
   <subfield code="1">0</subfield>
   <subfield code="2">ddc</subfield>
   <subfield code="4">0</subfield>
   <subfield code="6">658_403000000000000_ΚΟΥ</subfield>
   <subfield code="7">0</subfield>
   <subfield code="8">KALL</subfield>
   <subfield code="8">896</subfield>
   <subfield code="d">2016-04-13</subfield>
   <subfield code="r">2016-04-13</subfield>
   <subfield code="w">2016-04-13</subfield>
   <subfield code="z">658.403 ΚΟΥ</subfield>
   <subfield code="o">SEAB KALLIPOS</subfield>
  </datafield>
  <datafield tag="998" ind1=" " ind2=" ">
   <subfield code="a">80</subfield>
   <subfield code="a">01</subfield>
   <subfield code="a">02</subfield>
   <subfield code="a">03</subfield>
   <subfield code="a">04</subfield>
   <subfield code="a">05</subfield>
   <subfield code="a">06</subfield>
   <subfield code="a">07</subfield>
   <subfield code="a">08</subfield>
   <subfield code="a">09</subfield>
   <subfield code="a">10</subfield>
   <subfield code="a">11</subfield>
   <subfield code="a">12</subfield>
   <subfield code="a">13</subfield>
   <subfield code="a">14</subfield>
   <subfield code="a">15</subfield>
   <subfield code="a">16</subfield>
   <subfield code="a">17</subfield>
   <subfield code="a">18</subfield>
   <subfield code="a">19</subfield>
   <subfield code="a">20</subfield>
   <subfield code="a">21</subfield>
   <subfield code="a">22</subfield>
   <subfield code="a">23</subfield>
   <subfield code="a">24</subfield>
   <subfield code="a">25</subfield>
   <subfield code="a">26</subfield>
   <subfield code="b">29-05-17</subfield>
   <subfield code="c">m</subfield>
   <subfield code="d">z  </subfield>
   <subfield code="e">-</subfield>
   <subfield code="f">gre</subfield>
   <subfield code="g">gr </subfield>
   <subfield code="h">0</subfield>
  </datafield>
  <datafield tag="942" ind1=" " ind2=" ">
   <subfield code="2">ddc</subfield>
   <subfield code="c">KALLIPOS</subfield>
  </datafield>
 </record>
</collection>
